Normal view
MARC view
- Jevoor Prabhu
Entry Personal Name
001 - CONTROL NUMBER
- control field: 93194
003 - CONTROL NUMBER IDENTIFIER
- control field: OSt
005 - DATE AND TIME OF LATEST TRANSACTION
- control field: 20220810153251.0
008 - FIXED-LENGTH DATA ELEMENTS
- fixed length control field: 220810|| aca||aabn | a|a d
040 ## - CATALOGING SOURCE
- Original cataloging agency: OSt
- Transcribing agency: OSt
100 ## - HEADING--PERSONAL NAME
- Personal name: Jevoor Prabhu
670 ## - SOURCE DATA FOUND
- Source citation: Work cat.: (OSt)57418: Jevoor Prabhu, Study to assess the effectiveness of the self instructional module on knowledge regarding management of the patients with stroke among the staff nurses working in critical care units, 2013